| 000 | 00978 a2200253 4500 | ||
|---|---|---|---|
| 005 | 20260624084232.0 | ||
| 020 | _a1919713883 | ||
| 020 | _a9781919713885 | ||
| 050 | 0 | 0 |
_aBF39.9 _bCRI 2004 |
| 100 |
_aHook, Derek _eeditor |
||
| 245 | 0 | 0 |
_aCritical psychology / _ceditor, Derek Hook ; section editors, Nhlanhla Mkhize, Peace Kiguwa, Anthony Collins ; consulting editors, Erica Burman, Ian Parker. |
| 264 |
_aLansdowne : _bUCT Press, _c2004 |
||
| 300 |
_axiv, 657 pages : _billustrations ; |
||
| 336 |
_atext _btxt _2rdacontent |
||
| 337 |
_aunmediated _bn _2rdamedia |
||
| 338 |
_avolume _bnc _2rdacarrier |
||
| 504 | _aIncludes bibliographical references (p. 603-644) and index. | ||
| 650 | 0 | _aCritical psychology | |
| 650 | 0 | _aCritical psychology | |
| 700 | 1 |
_aHook, Derek. _eeditor |
|
| 942 |
_2lcc _cBK _h39.9 _iCRI _kBF |
||
| 999 |
_c12168 _d12168 |
||